000 00892nab a2200253 u 4500
001 10475
003 HDC
007 cr bn ---aaaaa
008 210204c20141224 |r|nos 0 a eng d
040 _aHDC
100 _aQURATUL-AIN BANDIAL
_eauthor
_910654
110 _aThe Brunei Times
245 0 _aCHILE KEEN ON HALAL FOOD JOINT VENTURES WITH BRUNEIAN FIRMS / Oleh
_cQURATUL-AIN BANDIAL
260 _a[no place] :
_b[publisher not identified],
_c2014
336 _atext
_2rdacontent
337 _acomputer
_2rdamedia
338 _aonline resource
_2rdacarrier
650 _aHalal food joint ventures
_910732
650 _ahalal food production
_9752
856 _zRequest full-text at [email protected]
942 _2lcc
942 _cNEWS
942 _kNWSO 001205
999 _c7798
_d7798